000 00360nam a22001457a 4500
999 _c3372
_d3372
008 200609b ||||| |||| 00| 0 eng d
082 0 0 _a604.2
_bB5755
100 _91437
_aBhatt, N. D.
245 1 0 _aMachine drawing /
_cby N. D. Bhatt
250 _a19th ed.
260 _aAnand
_bCharotar
_c1983
300 _a214 p.
650 0 _aMechanical Drawing
942 _cBK